000 00339nam a2200133Ia 4500
008 240624s9999 xx 000 0 und d
041 _aeng
082 _a658.4063 COO
100 _aCOOK PETER
245 _aLEADING INNOVATION CREATIVITY AND ENTERP
260 _c2016
_aLondon
_bBloomsbury
300 _axi, 242 p.; 24 cm.
365 _c
_b38
999 _c29092
_d29092